Pracovná spokojnosť a kvalita pracovného života bakalárska práca

Guardado en:
Detalles Bibliográficos
Autor principal: Thalmeiner, Zuzana
Autor Corporativo: Fakulta podnikového manažmentu EU. Katedra manažmentu
Otros Autores: Joniaková, Zuzana, 1970-
Formato: Libro
Lenguaje:eslovaco
Publicado: Bratislava 2013
Etiquetas: Agregar Etiqueta
Sin Etiquetas, Sea el primero en etiquetar este registro!

MARC

LEADER 00000nbm a2200000 4500
001 0176993
005 20170704140136.4
041 0 |a slo 
044 |a SK 
245 1 0 |a Pracovná spokojnosť a kvalita pracovného života  |b bakalárska práca  |c Zuzana Thalmeiner ; školiteľ: Zuzana Joniaková 
264 1 |a Bratislava  |c 2013 
300 |a 64 s. 
100 1 |a Thalmeiner, Zuzana 
700 1 |a Joniaková, Zuzana, 1970- 
710 2 |a Fakulta podnikového manažmentu EU. Katedra manažmentu